000
00302nam a22001337a 4500
008
171019b xxu||||| |||| 00| 0 eng d
020
_a
0060412658
041
_a
eng
080
_a
338
100
_a
53
101
_a
MEN
245
_a
MATHEMATICS FOR MODERN MANAGEMENT
_c
CHOTTINER,SH
942
_2
udc
_c
BK
999
_c
34907
_d
34907